• 首页
  • 本馆介绍
  • 公告通知
  • 最新文献
  • 馆藏检索
  • 电子资源
  • 读者导购
  • 参考咨询
  • 我的图书馆
  • 登录
  • 详细信息显示
  • 放入我的书架
  • 预约/预借图书
  • 作者相关作品
  • 分类相关作品
  • 丛书相关作品
  • 出版社相关作品

书目信息

  • 表格格式
  • 工作单格式
  • 卡片格式
题名:
论贝多芬交响曲的演出
    
 
作者: 魏因迦特纳 著 ;陈洪 译
分册:  
出版信息: 北京   人民音乐出版社  1984
页数: 187页
开本: 21cm
丛书名:
单 册:
中图分类: J615.2 , J617.611
科图分类:
主题词: 交响曲 , 指挥法
电子资源:
ISBN: 7-103-00180-4
000 00995nam0 2200277 450
001 003246185
005 20070805142302.20
010    @a7-103-00180-4@dCNY10.60
100    @a20060803e20051984em y0chiy0110 ea
101 0  @achi@beng@cger
102    @aCN@b110000
105    @ay z 000yy
200 1  @a论贝多芬交响曲的演出@9lun bei duo fen jiao xiang qu de yan chu@f(奥)费·魏因迦特纳著@g陈洪译
210    @a北京@c人民音乐出版社@d1984@h2005重印
215    @a187页@d21cm
330    @a本书作者总结了他在音乐会大厅中担任指挥以来对贝多芬作品的认识,以及在指挥中应如何忠实地再现贝多芬的风格的心得。
600  0 @a贝多芬@c(Beethoven, Ludwing Van@f1770~1827)@x交响曲@x指挥法@x研究
600  0 @a贝多芬@c(Beethoven, Ludwing Van@f1770~1827)
606 0  @a交响曲
606 0  @a指挥法
690    @aJ615.2@v4
690    @aJ617.611@v3
701  0 @c(奥)@a魏因迦特纳@9wei yin jia te na@4著
702  0 @a陈洪@9chen hong@f(1907~2002)@4译
801  0 @aCN@bNLC@c20070805
905    @a10447@dJ617.611@e321
    
    论贝多芬交响曲的演出/(奥)费·魏因迦特纳著/陈洪译.-北京:人民音乐出版社,1984(2005重印)
    187页;21cm
    
    
    ISBN 7-103-00180-4:CNY10.60
    本书作者总结了他在音乐会大厅中担任指挥以来对贝多芬作品的认识,以及在指挥中应如何忠实地再现贝多芬的风格的心得。
●
相关链接 在E读中查询图书 在五车中查询图书 在当当中查询图书 在豆瓣中查询图书


正题名:论贝多芬交响曲的演出     索取号:J617.611/321         预约/预借

序号 登录号 条形码 馆藏地/架位号 状态 备注
1 0804881   208048815   第一样本阅览室/ [索取号:J617.611/321] 在馆    
2 0804882   208048824   第一借阅区/ [索取号:J617.611/321] 在馆    
3 0804883   208048833   第一借阅区/ [索取号:J617.611/321] 在馆    
4 0804884   208048842   第一借阅区/ [索取号:J617.611/321] 在馆    
5 0804885   208048851   第一借阅区/ [索取号:J617.611/321] 在馆    
6 0804886   208048860   第一借阅区/ [索取号:J617.611/321] 在馆    
7 0804887   208048879   第一借阅区/ [索取号:J617.611/321] 在馆    
8 0804888   208048888   密集书库-音乐系/ [索取号:J617.611/321] 在馆    
9 0804889   208048897   音乐系资料室/ [索取号:J617.611/321] 在馆    
10 0804890   208048904   密集书库-音乐系/ [索取号:J617.611/321] 在馆    
唐山师范学院图书馆 欢迎您!
大连网信软件有限公司© 版权所有